00990cam a22002412 45000010005000000030008000050050017000130080039000300350018000690400027000870410008001140820027001221000052001492450114002012600032003153000042003475040019003896500019004089420012004279990015004399520141004549520153005959948BD-RjUL20211208234853.0140122s1947 enka 001 0 eng a(BD-RjUL)9994 aDLCcDLCdBD-RjULbeng aeng04219a332.6322bBES 19471 aBell, James W.d1890- [from old catalog]93073210aSuccessful investment :ba practical system for small investors seeking capital appreciation /cJames W. Bell aLondon :bI. Pitman,c1947. aviii, 63 p. :bill.,diagrs. ;c19 cm. aInclude index. 0aStocks.930733 2ddccBK c9948d9948 00102ddc40718NFICaRUCLbRUCLcReadingd2063-01-29eZeitlingerg6.60l0o332.6322 BES 1947r2014-01-22 00:00:00tC-1w2014-01-22yBK 00102ddc40708NFICaRUCLbRUCLcE-Booksd1963-01-29eZeitlingerg6.60l1o332.6322 BES 1947r2018-12-17 00:00:00s2018-11-26tC-2w2016-06-25yBK